We shouldn't shut up about noise (Record no. 70310)

MARC details
000 -LEADER
fixed length control field 01167cam a2200229 4500
001 - CONTROL NUMBER
control field WB3819-10
008 - FIXED-LENGTH DATA ELEMENTS--GENERAL INFORMATION
fixed length control field 020521n2002 000 0 eng u
035 ## - SYSTEM CONTROL NUMBER
System control number (Sirsi) u118071
245 ## - TITLE STATEMENT
Title We shouldn't shut up about noise
260 ## - PUBLICATION, DISTRIBUTION, ETC.
Date of publication, distribution, etc. 2002
490 ## - SERIES STATEMENT
Series statement DEFRA News Release
Volume/sequential designation (196/02) 20 May 2002, (3)
520 ## - SUMMARY, ETC.
Summary, etc. Environment Minister Michael Meacher has announced the results of three pieces of DEFRA research on noise pollution in the UK. The general findings indicate that outdoor noise levels remained almost constant over the past decade, although people perceive noise levels from neighbours to be worse. The Building Research Establishment (BRE) conducted the Noise Incidence Study (NIS) and Noise Attitudes Study (NAS). DEFRA carried out a review of European legislation and procedures relating to neighbour and neighbourhood noise. http://www.defra.gov.uk/news/2002/020520c.htm
590 ## - LOCAL NOTE (RLIN)
Local note WB
650 ## - SUBJECT ADDED ENTRY--TOPICAL TERM
Topical term or geographic name entry element BUILDING RESEARCH ESTABLISHMENT
650 ## - SUBJECT ADDED ENTRY--TOPICAL TERM
Topical term or geographic name entry element BRE
650 ## - SUBJECT ADDED ENTRY--TOPICAL TERM
Topical term or geographic name entry element DEFRA
650 ## - SUBJECT ADDED ENTRY--TOPICAL TERM
Topical term or geographic name entry element EUROPEAN LEGISLATION
650 ## - SUBJECT ADDED ENTRY--TOPICAL TERM
Topical term or geographic name entry element NOISE POLLUTION
650 ## - SUBJECT ADDED ENTRY--TOPICAL TERM
Topical term or geographic name entry element NOISY NEIGHBOURS
690 ## - LOCAL SUBJECT ADDED ENTRY--TOPICAL TERM (OCLC, RLIN)
Topical term or geographic name as entry element ENVIRONMENTAL AND LAND CONSULTANCY
942 ## - ADDED ENTRY ELEMENTS (KOHA)
Suppress in OPAC 0
Holdings
Withdrawn status Lost status Source of classification or shelving scheme Damaged status Not for loan Home library Current library Shelving location Date acquired Total Checkouts Full call number Barcode Date last seen Copy number Price effective from Koha item type
    Dewey Decimal Classification     London London News article 21/05/2002   WB3819-10 118071-1001 06/08/2019 1 06/08/2019 News article